[Event "TUR-ch Youth"]
[Site "Denizli"]
[Date "2022.05.24"]
[Round "1"]
[White "Isik, Alparslan"]
[Black "Demirel, Emir Batu"]
[Result "1-0"]
[WhiteElo "2316"]
[BlackElo "1317"]
[PlyCount "77"]
[EventDate "2022.05.24"]
[EventType "swiss"]
[EventRounds "9"]
[EventCountry "TUR"]
[SourceTitle "EXT 2023"]
[Source "ChessBase"]
[SourceDate "2022.10.05"]
[SourceVersion "1"]
[SourceVersionDate "2022.10.05"]
[SourceQuality "1"]

1. Nf3 Nf6 2. g3 d5 3. Bg2 e6 4. 0-0 Be7 5. b3 0-0 6. Bb2 b6 7. c4 c6 8. d4 a5 9. Nc3 Ba6 10. Nd2 b5 11. Qc2 Qb6 12. e4 dxe4 13. Ncxe4 Bb7 14. Nxf6+ Bxf6 15. Ne4 Be7 16. h4 h6 17. a4 bxc4 18. bxc4 Nd7 19. Rab1 Qc7 20. Bc1 Nf6 21. Bf4 Qd7 22. Nc5 Bxc5 23. dxc5 Ne8 24. Rfd1 Qe7 25. Qb2 Ba6 26. Bxc6 Rc8 27. Bb5 Bxb5 28. cxb5 Rxc5 29. b6 Qb7 30. Rd8 g5 31. hxg5 hxg5 32. Rb8 Qd7 33. Be3 Rd5 34. b7 Rd1+ 35. Rxd1 Qxd1+ 36. Kh2 Qh5+ 37. Kg2 Qg4 38. Rd8 Qe4+ 39. Kg1 1-0